| 000 | 00635nam a2200205 u 4500 | ||
|---|---|---|---|
| 005 | 20210223131611.0 | ||
| 008 | 111004s2006 r 000 0 eng d | ||
| 020 | _a8424621921 | ||
| 035 | _aUPN01000182027 | ||
| 049 | _aI | ||
| 050 | 4 |
_aTX817 C4 _bG5.3 |
|
| 100 | 1 | _aGilbert, Trinitat | |
| 245 | 1 | 0 |
_aHoy toca chocolate / _cTrinitat Gilbert ; il. de Mariona Cabassa. |
| 260 |
_aBarcelona, Esp. : _bLa Galera, _c2006. |
||
| 300 |
_a43 p. : _bprincipalmente il. col. |
||
| 650 | 4 |
_aCHOCOLATE - _vLITERATURA INFANTIL _911316 |
|
| 650 | 4 |
_aCACAO - _vLITERATURA INFANTIL _911314 |
|
| 700 | 1 |
_aCabassa, Mariona, _eil. |
|
| 905 | _aInfantil | ||
| 999 |
_c154130 _d154130 |
||